Aespa Alphabet song - Statistiques

Statistiques générales
  • Ce quiz a été pris 99 fois
  • Le résultat moyen est 12 sur 20
Statistiques - réponses
Hint Réponse % Correct
S Supernova / Set the tone / Savage / Spicy / Salty & sweet / Sun and moon / Spark
97%
B Black mamba / Better things / BAHAMA / Bored!
94%
D Dreams come true / Drama / Don’t blink / Dopamine / Dirty work
90%
A Armageddon / Aenergy
85%
W Welcome to my world / Whiplash
80%
I Illusion / ICU / I’ll make you cry / ICONIC / I’m unhappy
69%
U UP
69%
N Next level
68%
L Lingo / Life’s too short / Licorice / Long chat / Live my life / Lucid dream
66%
G Girls
65%
H Hot ait balloon / Hot mess
58%
F Forever / Flights not feelings / Flowers
56%
Y YOLO / You / YEPPI YEPPI
56%
M Mine / Melody
48%
P Prologue / Pink hoodie
46%
T Trick or Trick / Thirsty / Til we meet again
46%
K Kill it
34%
Z Zoom zoom
31%
J Just another girl
30%
R Regret of the times
10%
Aucun quiz correspondant
Distribution des résultats
% des personnes avec chaque résultat
Percentile par nombre de réponses
Votre historique - résultats
Vous n’avez pas pris ce quiz